000 005190000a22001930004500
001 001067
003 MACL
005 20150913132444.0
008 150913b xxu||||| |||| 00| 0 eng d
040 _aMACL
_cMACL
041 _aEnglish
082 _a823/DES
100 _aDesai, G. V.
_94921
245 _aAll About H. Hatterr
_bIn all my Experience, I Have Not Met With Anything like it.
_cG. V. Desai
260 _aDelhi
_c1998
_bPenguin Books,
350 _a250
650 _aLiterature
_910676
942 _k823
_cBK
_2ddc
999 _c1062
_d1062